Formation of structure in the universe ed by Avishai Dekel and Jeremiah P Ostriker (Record no. 1211674)

MARC details
000 -LEADER
fixed length control field 01093nam a2200277Ia 4500
003 - CONTROL NUMBER IDENTIFIER
control field OSt
005 - DATE AND TIME OF LATEST TRANSACTION
control field 20221007123313.0
008 - FIXED-LENGTH DATA ELEMENTS--GENERAL INFORMATION
fixed length control field 221006b |||||||| |||| 00| 0 eng d
020 ## - INTERNATIONAL STANDARD BOOK NUMBER
International Standard Book Number 0521586321 (pbk)
037 ## - SOURCE OF ACQUISITION
Terms of availability Textual
040 ## - CATALOGING SOURCE
Original cataloging agency PAPL
Transcribing agency PAPL
Language of cataloging eng
041 ## - LANGUAGE CODE
Source of code eng
Language code of text/sound track or separate title eng
100 ## - MAIN ENTRY--PERSONAL NAME
Personal name Dekel Avishai Ed
9 (RLIN) 717060
245 #0 - TITLE STATEMENT
Title Formation of structure in the universe ed by Avishai Dekel and Jeremiah P Ostriker
Remainder of title Ostriker Jeremiah P Ed
260 ## - PUBLICATION, DISTRIBUTION, ETC.
Place of publication, distribution, etc. Cambridge
Name of publisher, distributor, etc. Cambridge University Press
Date of publication, distribution, etc. 1999
300 ## - PHYSICAL DESCRIPTION
Extent xv,470p
Dimensions cm.
500 ## - GENERAL NOTE
General note Includes bibliographical references; Index 466-470p; ^n23/CSL/Carpa/99-2000/225^d1999-06-22^mPurchase; ; 99-2000/139^b1999-08-02^c327^d1999-07-30^eLibco Book Distributors; ; 1999-08-10^c1999-08-10^r1999-10-16
650 ## - SUBJECT ADDED ENTRY--TOPICAL TERM
Topical term or geographic name entry element Astronomy,Cosmology
9 (RLIN) 717061
700 ## - ADDED ENTRY--PERSONAL NAME
Personal name Ostriker Jeremiah P Ed
9 (RLIN) 717062
942 ## - ADDED ENTRY ELEMENTS (KOHA)
Classification part B9:8, N9
Koha item type Textual
Source of classification or shelving scheme Colon Classification (CC)
Holdings
Withdrawn status Lost status Source of classification or shelving scheme Damaged status Not for loan Home library Current library Date acquired Source of acquisition Total Checkouts Full call number Barcode Date last seen Price effective from Koha item type
    Colon Classification (CC)     Department of Physics and Astrophysics Library Department of Physics and Astrophysics Library 2022-10-07 Libco,   B9:8 N9 PA0005229 2022-10-07 2022-10-07 Textual
Copyright @ Delhi University Library System